[Event "Titled Tuesday intern op 11th Jul Late"]
[Site "Chess.com INT"]
[Date "2023.07.11"]
[Round "5"]
[White "He, Anthony B"]
[Black "Licznerski, Lukasz"]
[Result "0-1"]
[WhiteElo "2501"]
[BlackElo "2430"]
[PlyCount "126"]
[EventDate "2023.07.11"]
[EventType "swiss (blitz)"]
[EventRounds "11"]
[EventCountry "USA"]
[SourceTitle "EXT 2024"]
[Source "ChessBase"]
[SourceDate "2023.10.10"]
[SourceVersion "1"]
[SourceVersionDate "2023.10.10"]
[SourceQuality "1"]

1. d4 Nf6 2. Nc3 d5 3. Bf4 a6 4. e3 e6 5. g4 Bd6 6. g5 Bxf4 7. exf4 Ng8 8. h4 Ne7 9. Bd3 Qd6 10. Nge2 c5 11. dxc5 Qxc5 12. Qd2 Nbc6 13. 0-0-0 Qxf2 14. h5 h6 15. Rdf1 Qb6 16. Ng3 Bd7 17. gxh6 gxh6 18. f5 Ne5 19. fxe6 Bxe6 20. Rf6 0-0-0 21. Rxh6 Rhg8 22. Nge2 Ng4 23. Rh7 Nf6 24. Rh6 Ng4 25. Rf1 Nxh6 26. Qxh6 Rh8 27. Qg5 Qd6 28. Nf4 Rdg8 29. Qf6 Nc6 30. Ncxd5 Kb8 31. a3 Qe5 32. Qxe5+ Nxe5 33. Nf6 Rg5 34. Be2 Rf5 35. Ne4 Bd5 36. Nxd5 Rxf1+ 37. Bxf1 Rxh5 38. Be2 Rh1+ 39. Kd2 Rh2 40. Ke3 Rh3+ 41. Kf4 Ng6+ 42. Kf5 Rh2 43. Bd3 Nh4+ 44. Kf6 Nf3 45. Nc5 Ne1 46. Bf5 Nxc2 47. Kxf7 Nd4 48. Be4 Rxb2 49. Nb4 Nb5 50. Ke7 Nxa3 51. Nd5 Nc4 52. Bd3 Rb5 53. Bxc4 Rxc5 54. Bb3 Ka7 55. Kd6 Rc6+ 56. Ke5 b5 57. Kd4 a5 58. Nc3 Kb6 59. Kd3 Rc8 60. Nd5+ Kc5 61. Ne3 Rd8+ 62. Kc3 a4 63. Be6 Re8 0-1